Μαξ Βέμπερ : συστηματική κοινωνιολογία και μεθοδολογία ; μια εισαγωγή στο έργο του

Αποθηκεύτηκε σε:
Λεπτομέρειες βιβλιογραφικής εγγραφής
Κύριος συγγραφέας: Φίλιας, Βασίλης Ι., 1927-
Μορφή: Βιβλίο
Γλώσσα:Greek
Δημοσίευση: Αθήνα : Νέα σύνορα, 1976.
Θέματα:
Ετικέτες: Προσθήκη ετικέτας
Δεν υπάρχουν, Καταχωρήστε ετικέτα πρώτοι!

MARC

LEADER 00000cam a2200000 i 4500
001 1/33803
008 950412s1981 gr | ||| |||| ||gre||
035 |l 10023999 
040 |a GR-MY-UA  |b gre  |e aacr 
041 0 |a gre 
082 7 |a 301.018   |2 (22) 
100 1 |a Φίλιας, Βασίλης Ι.,   |d 1927- 
245 1 0 |a Μαξ Βέμπερ :   |b συστηματική κοινωνιολογία και μεθοδολογία ; μια εισαγωγή στο έργο του /   |c Βασίλης Φίλιας.  
260 |a Αθήνα :   |b Νέα σύνορα,   |c 1976.  
300 |a 251 σ. ;   |c 21 εκ.  
504 |a Βιβλιογραφία : σ. 237-248.  
600 1 0 |a Weber, Max,   |d 1864-1920. 
650 0 0 |a Sociology  |x Methodology. 
852 |a INST  |b CHIOS  |e 19950412  |h 301.018 ΦΙΛ  |p 005200006528  |q 005200006528  |t BK  |y 0 
852 |a INST  |b CHIOS  |e 19950412  |h 301.018 ΦΙΛ  |p 005200006529  |q 005200006529  |t BK  |y 0 
909 |a Χ  |b 002517 
909 |a Χ  |b 001935 
970 |z 1995/04